000 00601nam a2200181 a 4500
001 000042484
005 20201002040201.0
008 131204s1972 sp 000 0 spa d
040 _aDO-SdBNP
_bspa
_cBNPHU
082 _axxx
_bxxx
100 1 _aGreenfield, Sumner
_d1921-
_969674
245 1 0 _aValle-Inclán :
_bAnatomía de un teatro problemático /
_cSumner Greenfield.
260 _aMadrid :
_bFundamentos,
_c1972.
300 _a300 p ;
_c20 cm.
490 1 _aArte
_aCrítica
_v35
500 _aIncluye referencias bibliográficas y notas al pie de las páginas.
830 0 _aArte
_pCrítica
_v35
_969675
999 _c41973
_d41973